90's Hip Hop album covers by description - Statistics

General Stats
  • This quiz has been taken 30 times
  • The average score is 5 of 10
Answer Stats
Hint Answer % Correct
A baby with an afro sat cross legged against a white background Ready to die
93%
A transparent toddler looking towards the Camera with a Queens street in the Background Illmatic
70%
Two men posing in front of a black and white version of the American flag Stankonia
63%
Several men in hoodies and masks covering their faces walking towards the camera with the group's symbol on the wall behind Enter the Wu Tang (36 Chambers)
56%
Smashed glass with a shirtless man with a cross chain behind Get rich or die tryin'
52%
A man dressed in funeral attire next to a hearse with the album name onthe rear bumper Life after death
52%
A cartoon like image, depicting a swordfight over a chessboard andone man lying on the ground with blood spilling out Liquid Swords
44%
A figure made out of red, green and black lines crouched onone knee against a black background with the name written along the figures back The Low end theory
44%
The rapper standing next to a dead body with the American flag draped over it, tagged as an American make believe patriotic figure Death Certificate
33%
Headshots of 2 men with a group photo in the bottom right corner and the New York skyline in blood red clouds in the top left corner The Infamous
19%
No matching quizzes found
Score Distribution
Percent of People with Each Score
Percentile by Number Answered
Your Score History
You have not taken this quiz